[Event "Tournoi Skype 013A"]
[Site "Skype"]
[Date "????.??.??"]
[Round "2.10"]
[White "Brun, Jacques"]
[Black "De Leener, Luc"]
[Result "0-1"]
[WhiteElo "1831"]
[BlackElo "1634"]
[PlyCount "95"]

1. e4 c5 2. Nf3 Nc6 3. Be2 d6 4. c3 a6 5. d4 cxd4 6. cxd4 Bg4 7. Nc3 e6 8. O-O
g6 9. Be3 Bg7 10. Rc1 Nge7 11. h3 Bxf3 12. Bxf3 O-O 13. Re1 Re8 14. Qd2 Qd7 15.
Rcd1 Rac8 16. a3 b5 17. b4 Qb7 18. Kf1 Red8 19. Rc1 Rd7 20. Red1 Rdc7 21. Ne2
d5 22. Rc5 Bf8 23. Rcc1 dxe4 24. Bxe4 Nd5 25. Bh6 Nce7 26. Bxf8 Kxf8 27. Rxc7
Qxc7 28. Rc1 Qd7 29. Rc5 Rd8 30. Rc1 Nf6 31. Bf3 Kg7 32. Rd1 Nf5 33. g4 Nd6 34.
g5 Nd5 35. Bxd5 exd5 36. Kg2 Ne4 37. Qf4 Qe7 38. h4 Rc8 39. Rc1 Rxc1 40. Nxc1
f6 41. f3 fxg5 42. hxg5 Qxg5+ 43. Qxg5 Nxg5 44. Kf2 Kf6 45. Ke3 Kf5 46. Nd3 Ne6
47. f4 h5 48. Kf3 0-1

[Event "Tournoi Skype 013A"]
[Site "Skype"]
[Date "????.??.??"]
[Round "2.11"]
[White "Meyer, Eric"]
[Black "Mordaa, Ahmad"]
[Result "1-0"]
[WhiteElo "1755"]
[BlackElo "1437"]
[PlyCount "61"]

1. d4 Nf6 2. c4 e5 3. dxe5 Ng4 4. Nf3 Nc6 5. Nc3 Ngxe5 6. Nxe5 Nxe5 7. e3 Bb4
8. Bd2 b6 9. a3 Be7 10. Nd5 Bd6 11. Be2 c6 12. Nf4 Bb7 13. Bc3 Qc7 14. Nh5 O-O
15. f4 Ng6 16. Bxg7 Rfc8 17. Bf3 Nxf4 18. exf4 Re8+ 19. Kf1 Bxf4 20. Qd4 Bg5
21. Qg4 h6 22. h4 Qd6 23. hxg5 Qd3+ 24. Kg1 Qe3+ 25. Kh2 hxg5 26. Kg3 c5 27.
Bc3 Kf8 28. Nf6 Qf4+ 29. Qxf4 gxf4+ 30. Kxf4 Bxf3 31. gxf3 1-0

[Event "Tournoi Skype 013A"]
[Site "Skype"]
[Date "????.??.??"]
[Round "2.12"]
[White "Altinok, Kerim"]
[Black "Yildirim, Cagri"]
[Result "0-1"]
[WhiteElo "1883"]
[BlackElo "1499"]
[PlyCount "42"]

1. d4 d5 2. Nf3 Nf6 3. c4 e6 4. Nc3 Bb4 5. e3 O-O 6. Qc2 c5 7. Bd3 dxc4 8. Bxc4
cxd4 9. exd4 Nc6 10. Be3 b6 11. O-O Bb7 12. Rac1 Na5 13. Bd3 Bxf3 14. gxf3 Rc8
15. Qe2 Bd6 16. Ne4 Nc6 17. Nxd6 Qxd6 18. Rfd1 Nxd4 19. Bxh7+ Nxh7 20. Bxd4
Rxc1 21. Rxc1 Qxd4 0-1

[Event "Tournoi Skype 013A"]
[Site "Skype"]
[Date "????.??.??"]
[Round "2.13"]
[White "Altinok, Selim"]
[Black "Loyarte, Frederic"]
[Result "1-0"]
[WhiteElo "1875"]
[BlackElo "1547"]
[PlyCount "55"]

1. d4 Nf6 2. Nf3 d6 3. c4 g6 4. Nc3 Bg7 5. e4 O-O 6. Be2 Bg4 7. Be3 Nc6 8. O-O
e5 9. d5 Ne7 10. b4 Nd7 11. c5 f5 12. cxd6 cxd6 13. Ng5 f4 14. Bxg4 fxe3 15.
Be6+ Kh8 16. Nf7+ Rxf7 17. Bxf7 Qf8 18. fxe3 Nf6 19. Be6 Bh6 20. Rf3 Qg7 21.
Qc2 Rf8 22. Raf1 g5 23. Qf2 g4 24. Rxf6 Rxf6 25. Qxf6 Bxe3+ 26. Kh1 Qxf6 27.
Rxf6 Kg7 28. Rf7+ 1-0

[Event "Tournoi Skype 013A"]
[Site "Skype"]
[Date "????.??.??"]
[Round "2.14"]
[White "Hague, Mark"]
[Black "Janssen, Gerard"]
[Result "0-1"]
[WhiteElo "1442"]
[BlackElo "1681"]
[PlyCount "60"]

1. c4 c5 2. g3 Nc6 3. Bg2 e6 4. e3 Nf6 5. Ne2 d5 6. cxd5 exd5 7. Nbc3 Be7 8.
O-O O-O 9. a3 Bg4 10. f3 Bf5 11. d4 cxd4 12. Nxd4 Bc5 13. b4 Bxd4 14. exd4 h6
15. Bb2 Re8 16. f4 a6 17. Rf2 b5 18. Qd2 Qd7 19. Rd1 Re7 20. Qc1 Rae8 21. Bf3
Ne4 22. Nxe4 Bxe4 23. Bxe4 Rxe4 24. Qd2 Ne7 25. Rf3 Nf5 26. Kf2 Nd6 27. Bc3 Nc4
28. Qa2 Qh3 29. Kg1 Re2 30. Rd2 Qg2# 0-1

[Event "Tournoi Skype 013A"]
[Site "Skype"]
[Date "????.??.??"]
[Round "2.16"]
[White "Segura Lozano, Marcos Antonio"]
[Black "Karia, Vijay"]
[Result "1-0"]
[WhiteElo "1989"]
[BlackElo "1540"]
[PlyCount "99"]

1. e4 e5 2. f4 Nc6 3. Nf3 d6 4. fxe5 dxe5 5. Bc4 Bc5 6. c3 Nf6 7. d3 Ng4 8. Rf1
O-O 9. Qe2 h6 10. h3 Nf6 11. b4 Bd6 12. Be3 Re8 13. Qf2 a6 14. Nbd2 a5 15. b5
Ne7 16. Qh4 Ng6 17. Qg3 Be6 18. O-O-O Nh5 19. Qh2 c6 20. g4 Nhf4 21. b6 c5 22.
Kc2 Qxb6 23. Rb1 Qc7 24. a4 Qe7 25. Rg1 Rab8 26. h4 Nh8 27. h5 f6 28. Nh4 Qd8
29. Nf5 Bf8 30. Nf3 Bxc4 31. dxc4 Qd3+ 32. Kb3 Ne2 33. Rgc1 Nxc1+ 34. Rxc1 b5
35. cxb5 Qxe4 36. Qg3 Red8 37. g5 fxg5 38. Nxh6+ gxh6 39. Nxg5 Qd5+ 40. Kb2
hxg5 41. Qxg5+ Bg7 42. h6 Qf7 43. Rg1 Rd7 44. Qxe5 Qf8 45. hxg7 Rxg7 46. Rxg7+
Qxg7 47. Qxb8+ Kh7 48. Bxc5 Qg2+ 49. Ka3 Ng6 50. Bd4 1-0

[Event "Tournoi Skype 013A"]
[Site "Skype"]
[Date "????.??.??"]
[Round "2.17"]
[White "Galani, Mahendra"]
[Black "Sanchez Munoz, Carlos Andres"]
[Result "0-1"]
[WhiteElo "1519"]
[BlackElo "1790"]
[PlyCount "74"]

1. e4 c5 2. Bc4 e6 3. c3 Nc6 4. Nf3 d5 5. exd5 exd5 6. Bb3 Nf6 7. d3 Bd6 8. h3
O-O 9. Nh2 Re8+ 10. Kf1 Qe7 11. Bd2 Bf5 12. Bc2 Ne5 13. Be3 Rac8 14. g4 Bg6 15.
Na3 a6 16. Qe2 Qc7 17. Nf3 d4 18. cxd4 Nxf3 19. Qxf3 cxd4 20. Bg5 Bxa3 21. bxa3
Qxc2 22. Rd1 Ne4 23. Bf4 Nc3 24. Rd2 Qb1+ 25. Kg2 Qb5 26. h4 f6 27. h5 Bf7 28.
Qg3 Bd5+ 29. f3 Ne2 30. Qh2 Nxf4+ 31. Qxf4 Re3 32. Rf1 Rce8 33. Qxd4 Qd7 34. h6
Bxf3+ 35. Rxf3 Qxd4 36. g5 Rxf3 37. Kxf3 Re3+ 0-1

[Event "Tournoi Skype 013A"]
[Site "Skype"]
[Date "????.??.??"]
[Round "2.18"]
[White "Carballo, Jorge"]
[Black "Cuellar Martinez, Jose Gabriel"]
[Result "1-0"]
[WhiteElo "1499"]
[BlackElo "1738"]
[PlyCount "35"]

1. e4 e5 2. Nf3 Nc6 3. Bc4 h6 4. O-O Nf6 5. Re1 Be7 6. c3 O-O 7. d4 exd4 8.
cxd4 d6 9. e5 dxe5 10. dxe5 Qxd1 11. Rxd1 Ng4 12. Bf4 Bc5 13. Bg3 Re8 14. Nc3
Bf5 15. Re1 h5 16. h3 Nh6 17. Ng5 Ng4 18. hxg4 1-0

[Event "Tournoi Skype 013A"]
[Site "Skype"]
[Date "????.??.??"]
[Round "2.19"]
[White "Murolo, Antonio"]
[Black "Karlsen, Christian"]
[Result "0-1"]
[WhiteElo "1499"]
[BlackElo "1714"]
[PlyCount "54"]

1. d4 Nf6 2. Nf3 d5 3. e3 a6 4. a3 c6 5. Bd3 g6 6. O-O Bg7 7. c3 O-O 8. Nbd2
Re8 9. b4 Nbd7 10. Bb2 b5 11. a4 Nb6 12. axb5 cxb5 13. h3 Qc7 14. Re1 Bf5 15.
Qc2 Bxd3 16. Qxd3 Rec8 17. Rac1 e6 18. e4 Nc4 19. Ba1 Bh6 20. e5 Ne4 21. Nxc4
bxc4 22. Qc2 Bxc1 23. Qxc1 a5 24. bxa5 Rxa5 25. Nd2 Nxd2 26. Qxd2 Rca8 27. Qb2
Qa7 0-1

[Event "Tournoi Skype 013A"]
[Site "Skype"]
[Date "????.??.??"]
[Round "2.21"]
[White "Dal, Ibrahim"]
[Black "Malbec, Robert"]
[Result "1-0"]
[WhiteElo "1645"]
[BlackElo "1520"]
[PlyCount "79"]

1. d4 d5 2. Nf3 Nf6 3. c4 Bf5 4. Nc3 e6 5. e3 Nc6 6. a3 a6 7. cxd5 exd5 8. Be2
Be7 9. O-O O-O 10. Ne5 Nxe5 11. dxe5 Nd7 12. Nxd5 Nxe5 13. Nxe7+ Qxe7 14. Bd2
b6 15. Bc3 Rfd8 16. Qa4 Nd3 17. Bf3 Nc5 18. Qf4 Bd3 19. Qg3 g6 20. Rfd1 Ne4 21.
Qe5 Qxe5 22. Bxe5 c5 23. Rxd3 Rxd3 24. Bxe4 Re8 25. Bxd3 Rxe5 26. Bxa6 Rd5 27.
Bc4 Rd6 28. Kf1 Kg7 29. h4 f6 30. Ke2 Rd7 31. Rd1 Re7 32. Rd6 Re4 33. b3 Rxh4
34. Rxb6 Rg4 35. g3 Rg5 36. a4 Re5 37. a5 Kh6 38. a6 f5 39. a7 Re8 40. Rb8 1-0

[Event "Tournoi Skype 013A"]
[Site "Skype"]
[Date "????.??.??"]
[Round "2.22"]
[White "Prasad Singh, Ambika"]
[Black "Engstrom, Olle"]
[Result "0-1"]
[WhiteElo "1484"]
[BlackElo "1639"]
[PlyCount "42"]

1. e4 c5 2. Nf3 Nc6 3. d4 cxd4 4. Nxd4 Nf6 5. Nc3 e5 6. Nb3 Bb4 7. f3 d5 8.
exd5 Nxd5 9. Bd2 Be6 10. Bd3 O-O 11. Nxd5 Qxd5 12. Be4 Bxd2+ 13. Nxd2 Qd6 14.
c3 Rfd8 15. Qc2 Rac8 16. Bxh7+ Kh8 17. Be4 Nb4 18. Qc1 Nd3+ 19. Bxd3 Qxd3 20.
Ne4 Bc4 21. Qd1 Qe3+ 0-1

[Event "Tournoi Skype 013A"]
[Site "Skype"]
[Date "????.??.??"]
[Round "2.23"]
[White "Bourdeau, Yvan"]
[Black "Trivedi, Viral"]
[Result "1/2-1/2"]
[WhiteElo "1634"]
[BlackElo "1509"]
[PlyCount "75"]

1. Nf3 Nc6 2. c4 e5 3. Nc3 Nf6 4. g3 e4 5. Ng5 d5 6. cxd5 Nxd5 7. Ngxe4 Bf5 8.
Bg2 Nxc3 9. bxc3 Qd7 10. d3 Be7 11. Bf4 O-O 12. O-O Bh3 13. a4 h6 14. Rb1 Bxg2
15. Kxg2 b6 16. Bd2 Ne5 17. f3 Rad8 18. c4 c5 19. Qb3 Nc6 20. Bc3 f5 21. Nf2
Bf6 22. Bxf6 Rxf6 23. Qb2 Re8 24. e4 fxe4 25. dxe4 Nd4 26. Ng4 Rxf3 27. Rxf3
Nxf3 28. Kxf3 Rf8+ 29. Kg2 Qxg4 30. Rf1 Qxe4+ 31. Kg1 Rxf1+ 32. Kxf1 Qxc4+ 33.
Kg2 Qxa4 34. Qe5 c4 35. Qe6+ Kh8 36. Qc8+ Kh7 37. Qf5+ g6 38. Qf7+ 1/2-1/2

[Event "Tournoi Skype 013A"]
[Site "Skype"]
[Date "????.??.??"]
[Round "2.24"]
[White "Mulrooney, Justin"]
[Black "Meaney, Mike"]
[Result "1-0"]
[WhiteElo "1624"]
[BlackElo "1503"]
[PlyCount "55"]

1. d4 Nf6 2. c4 e6 3. Nc3 Bb4 4. Nf3 Ne4 5. Qc2 d5 6. e3 Nc6 7. Bd3 f5 8. O-O
Bxc3 9. bxc3 Ne7 10. Ne5 Nd6 11. cxd5 exd5 12. c4 dxc4 13. Nxc4 Nf7 14. Bb2 Ng5
15. Ne5 Be6 16. f4 Nf7 17. e4 Nxe5 18. fxe5 O-O 19. d5 Bf7 20. e6 Bg6 21. Qc3
Rf6 22. Qc2 Rf8 23. Rad1 f4 24. Qc3 Rf6 25. e5 Rf8 26. Bc4 Be4 27. d6 Nf5 28.
e7+ 1-0

[Event "Tournoi Skype 013A"]
[Site "Skype"]
[Date "????.??.??"]
[Round "2.25"]
[White "Grib, Johannes"]
[Black "Le Brun, Yves"]
[Result "1-0"]
[WhiteElo "1435"]
[BlackElo "1589"]
[PlyCount "79"]

1. e4 c5 2. Nf3 Nc6 3. d4 cxd4 4. Nxd4 a6 5. Bc4 e6 6. O-O Nf6 7. Bg5 Be7 8.
Nf3 Nxe4 9. Bxe7 Qxe7 10. a3 b5 11. Bd3 Nf6 12. Re1 Bb7 13. c3 O-O 14. Nbd2 g6
15. h4 Rae8 16. Ng5 d5 17. g4 h6 18. Nxe6 fxe6 19. Bxg6 Qg7 20. h5 Nd8 21. f3
Bc6 22. Nb3 Qa7+ 23. Kg2 Re7 24. Nd4 Ba8 25. Qd2 Kg7 26. Re5 Nd7 27. Re2 Rf6
28. Qe3 Nf8 29. Nf5+ Rxf5 30. Qxa7 Rxa7 31. gxf5 exf5 32. Re8 Nxg6 33. hxg6
Kxg6 34. Rxd8 Kf6 35. Re1 Rg7+ 36. Kf2 Bb7 37. f4 Rf7 38. Rd6+ Kg7 39. Rg1+ Kh7
40. Rh1 1-0

[Event "Tournoi Skype 013A"]
[Site "Skype"]
[Date "????.??.??"]
[Round "2.26"]
[White "Briere, Jean"]
[Black "L'Herbon De Lussats, Jean"]
[Result "0-1"]
[WhiteElo "1554"]
[BlackElo "1495"]
[PlyCount "68"]

1. e4 c5 2. Nf3 Nc6 3. Nc3 e5 4. Bb5 Nf6 5. O-O Qc7 6. Bxc6 bxc6 7. d3 d5 8. h3
d4 9. Ne2 Be6 10. Ng5 Qd6 11. c4 Be7 12. Nxe6 Qxe6 13. Ng3 g6 14. Bd2 a5 15. b3
O-O 16. Bh6 Rfb8 17. Qc2 Nd7 18. Nh1 g5 19. g4 Qxh6 20. Kh2 Nf8 21. f3 Ne6 22.
Nf2 Nf4 23. Rh1 Qg6 24. Kg1 h5 25. Kf1 Rb7 26. Nd1 Qh6 27. Kf2 hxg4 28. fxg4
Qh4+ 29. Kf3 Rba7 30. Qf2 Qh6 31. Qf1 a4 32. bxa4 Rxa4 33. Rh2 Ra3 34. Kg3
Rxd3+ 0-1

[Event "Tournoi Skype 013A"]
[Site "Skype"]
[Date "????.??.??"]
[Round "2.27"]
[White "Dubois, Real"]
[Black "Antonic, Nenad"]
[Result "0-1"]
[WhiteElo "1543"]
[BlackElo "1486"]
[PlyCount "58"]

1. d4 d5 2. Nf3 c6 3. e3 Bf5 4. Be2 Nf6 5. O-O Nbd7 6. c4 e6 7. a3 Bd6 8. c5
Bc7 9. Nc3 h6 10. b4 a6 11. Re1 g5 12. h3 Qb8 13. Bd3 Ne4 14. Na4 g4 15. Nh4
gxh3 16. f4 Rg8 17. Ra2 Qd8 18. Nxf5 exf5 19. Qh5 Qf6 20. Qxh3 Rg3 21. Qh5
O-O-O 22. Bxe4 fxe4 23. Rf2 Rdg8 24. Ree2 R8g4 25. Bd2 Rh4 26. Nb6+ Bxb6 27.
Qxh4 Qxh4 28. cxb6 Nf6 29. f5 Ng4 0-1

[Event "Tournoi Skype 013A"]
[Site "Skype"]
[Date "????.??.??"]
[Round "2.28"]
[White "Fouquereau, Andre"]
[Black "Saidi, Bhen"]
[Result "1-0"]
[WhiteElo "1537"]
[BlackElo "1452"]
[PlyCount "77"]

1. e4 e5 2. Nf3 Nc6 3. Bc4 h6 4. c3 Nf6 5. Qc2 d5 6. exd5 Nxd5 7. O-O Qf6 8.
Bxd5 Bc5 9. Qa4 Bd7 10. Qb5 O-O 11. Qxc5 b6 12. Qe3 Rae8 13. d3 Bg4 14. Bxc6
Qxc6 15. Nxe5 Qf6 16. Qg3 Qxe5 17. Qxe5 Rxe5 18. Bf4 Re2 19. Nd2 Bf5 20. d4 Bd3
21. Rfe1 Rfe8 22. Be3 f5 23. Rxe2 Bxe2 24. Re1 Bd3 25. Nf3 f4 26. Bd2 Re2 27.
Rxe2 Bxe2 28. Bxf4 Bxf3 29. gxf3 Kf7 30. Bxc7 g6 31. f4 h5 32. Kg2 Ke6 33. Kg3
Kf5 34. h4 b5 35. a3 a6 36. Kf3 Ke6 37. Ke4 Kd7 38. Ba5 Kc6 39. Ke5 1-0

[Event "Tournoi Skype 013A"]
[Site "Skype"]
[Date "????.??.??"]
[Round "3.1"]
[White "Patra Kumar, Subhendu"]
[Black "Hervais, Adrien"]
[Result "1-0"]
[WhiteElo "1671"]
[BlackElo "2069"]
[PlyCount "81"]

1. Nf3 d5 2. d4 e6 3. c4 Nf6 4. Nc3 Bb4 5. e3 c5 6. cxd5 Nxd5 7. Bd2 O-O 8.
Nxd5 Bxd2+ 9. Qxd2 Qxd5 10. Be2 Nc6 11. dxc5 Qxc5 12. O-O Rd8 13. Qc1 Qf5 14.
Rd1 Bd7 15. Qc3 Rac8 16. Nd4 Nxd4 17. Qxd4 e5 18. Qxa7 Rc2 19. Bf3 Rxb2 20. Qa5
b6 21. Qa3 Qc2 22. Qe7 Qxf2+ 23. Kh1 Rf8 24. Qxd7 Qxe3 25. Qd3 Qxd3 26. Rxd3 h6
27. Rb3 Rxb3 28. axb3 f5 29. Ra8 Rxa8 30. Bxa8 Kf7 31. Kg1 Ke6 32. Kf2 Kd6 33.
Ke3 Kc5 34. h4 g5 35. hxg5 hxg5 36. Bb7 Kd6 37. Bc8 f4+ 38. Ke4 b5 39. b4 Kc7
40. Bg4 Kd6 41. Be2 1-0

[Event "Tournoi Skype 013A"]
[Site "Skype"]
[Date "????.??.??"]
[Round "3.2"]
[White "Auger, Bertrand"]
[Black "Jacquelin, Norbert"]
[Result "1/2-1/2"]
[WhiteElo "2057"]
[BlackElo "1856"]
[PlyCount "99"]

1. Nf3 d5 2. g3 c6 3. Bg2 Nf6 4. b3 Bg4 5. Bb2 Nbd7 6. c4 Bxf3 7. Bxf3 e5 8.
O-O Bd6 9. cxd5 cxd5 10. Nc3 e4 11. Bg2 O-O 12. d3 Be5 13. d4 Bd6 14. Nb5 Qb6
15. Nxd6 Qxd6 16. Bh3 Rfe8 17. e3 Nf8 18. Qe2 Ne6 19. Rfc1 Ng5 20. Bg2 Rac8 21.
h4 Ne6 22. Rc2 Rxc2 23. Qxc2 h6 24. a4 g5 25. Ba3 Qb8 26. Rc1 gxh4 27. Bh3 Ng5
28. Bf5 hxg3 29. Qc7 gxf2+ 30. Kxf2 Nf3 31. Qxb8 Rxb8 32. Bd6 Ra8 33. Bf4 h5
34. Rc7 b6 35. b4 h4 36. b5 Nh5 37. Be5 Nxe5 38. dxe5 Ng7 39. Bg4 a6 40. bxa6
Rxa6 41. Bd7 Ne6 42. Rc8+ Kg7 43. Bb5 Ra7 44. Rc6 Nc7 45. Bf1 Na8 46. Bb5 Re7
47. Rc8 Ra7 48. Rc6 Nc7 49. Bf1 Na8 50. Bb5 1/2-1/2

[Event "Tournoi Skype 013A"]
[Site "Skype"]
[Date "????.??.??"]
[Round "3.3"]
[White "Deville, Olivier"]
[Black "Meyer, Eric"]
[Result "1-0"]
[WhiteElo "1896"]
[BlackElo "1755"]
[PlyCount "59"]

1. Nf3 Nf6 2. c4 b6 3. g3 Bb7 4. Bg2 e6 5. O-O Be7 6. d4 O-O 7. Nc3 d5 8. Ne5
a6 9. Bf4 Nbd7 10. Qa4 Nxe5 11. dxe5 Nd7 12. cxd5 Nc5 13. Qd1 a5 14. dxe6 fxe6
15. Bxb7 Nxb7 16. Nb5 c6 17. Nd6 Nc5 18. Qd4 Qc7 19. Qc4 g5 20. Be3 Bxd6 21.
exd6 Qxd6 22. Bxg5 Rf7 23. Be3 Rf5 24. Qg4+ Kf7 25. Bd4 Rg8 26. Qh4 h5 27. Rad1
Rg4 28. Bxc5 Qxc5 29. Rd7+ Ke8 30. Qd8# 1-0

[Event "Tournoi Skype 013A"]
[Site "Skype"]
[Date "????.??.??"]
[Round "3.5"]
[White "Yildirim, Cagri"]
[Black "Salazar Ticeran, Antonio"]
[Result "1-0"]
[WhiteElo "1499"]
[BlackElo "1868"]
[PlyCount "47"]

1. e4 c5 2. Nf3 d6 3. d4 cxd4 4. Nxd4 Nf6 5. Nc3 g6 6. Be3 Bg7 7. f3 Nc6 8. Bc4
Bd7 9. Qd2 Rc8 10. Bb3 a6 11. Nxc6 Bxc6 12. O-O-O Qa5 13. Kb1 Nd7 14. Bh6 Bxc3
15. bxc3 Ba4 16. Qd4 Rg8 17. Bxa4 b5 18. Bb3 Ne5 19. Bg5 Nc4 20. Bxe7 Kxe7 21.
Bxc4 Rgd8 22. Bb3 Rxc3 23. Qd5 Rc4 24. Bxc4 1-0

[Event "Tournoi Skype 013A"]
[Site "Skype"]
[Date "????.??.??"]
[Round "3.6"]
[White "De Leener, Luc"]
[Black "Altinok, Selim"]
[Result "0-1"]
[WhiteElo "1634"]
[BlackElo "1875"]
[PlyCount "46"]

1. e4 e6 2. d4 d5 3. e5 c5 4. c3 Nc6 5. Nf3 Qb6 6. Bd3 Bd7 7. Bc2 f6 8. exf6
Nxf6 9. O-O Bd6 10. Re1 cxd4 11. cxd4 O-O 12. Nc3 Rae8 13. a3 a6 14. b4 Qc7 15.
h3 Nxb4 16. axb4 Qxc3 17. Bd2 Qc7 18. Rc1 Qb6 19. Ne5 Qxd4 20. Nxd7 Nxd7 21.
Ba4 b5 22. Bc2 Qxf2+ 23. Kh1 Qg3 0-1

[Event "Tournoi Skype 013A"]
[Site "Skype"]
[Date "????.??.??"]
[Round "3.7"]
[White "Rico Hernandez, Edgar"]
[Black "Casey, Eamonn"]
[Result "1/2-1/2"]
[WhiteElo "1850"]
[BlackElo "1662"]
[PlyCount "81"]

1. d4 Nf6 2. c4 e6 3. Nc3 d5 4. Bg5 Be7 5. e3 Nbd7 6. Nf3 h6 7. Bh4 O-O 8. Bd3
dxc4 9. Bxc4 b6 10. e4 Bb7 11. Bd3 c5 12. e5 Nd5 13. Bxe7 Qxe7 14. Bb5 cxd4 15.
Qxd4 Rac8 16. O-O Rfd8 17. Nxd5 Bxd5 18. Rfe1 Nc5 19. Qf4 Bxf3 20. Qxf3 Rd2 21.
Re2 Rcd8 22. Rxd2 Rxd2 23. b3 Qg5 24. Re1 Rxa2 25. g3 Rd2 26. b4 Rb2 27. Qa8+
Kh7 28. bxc5 Rxb5 29. Qxa7 Rxc5 30. Qxb6 Rxe5 31. Qb1+ Qf5 32. Qxf5+ Rxf5 33.
h4 h5 34. Kg2 g5 35. hxg5 Rxg5 36. Kh3 Kg6 37. f3 Kf5 38. Ra1 e5 39. Ra5 f6 40.
Rb5 Ke6 41. Rb6+ 1/2-1/2

[Event "Tournoi Skype 013A"]
[Site "Skype"]
[Date "????.??.??"]
[Round "3.8"]
[White "Janssen, Gerard"]
[Black "Belouin, Alexis"]
[Result "1-0"]
[WhiteElo "1681"]
[BlackElo "1479"]
[PlyCount "85"]

1. d4 d5 2. c4 dxc4 3. Nc3 g6 4. e3 Bg7 5. Bxc4 e6 6. Nf3 b6 7. O-O Ba6 8. Qa4+
Qd7 9. Nb5 c6 10. Na3 b5 11. Qb3 bxc4 12. Nxc4 Ne7 13. Rd1 O-O 14. Nce5 Qd5 15.
Qb4 Bxe5 16. Nxe5 Nd7 17. Ng4 c5 18. Qe1 cxd4 19. Rxd4 Qc6 20. Rxd7 Bb7 21. f3
Nd5 22. Rxb7 Qxb7 23. b3 Rfc8 24. Bb2 Qa6 25. Qh4 e5 26. Bxe5 Rc6 27. Qh6 f6
28. Bd4 Rac8 29. h4 Rc1+ 30. Rxc1 Rxc1+ 31. Kh2 Qd6+ 32. g3 Rc2+ 33. Kh3 Rd2
34. h5 Qd7 35. hxg6 hxg6 36. Qxg6+ Kf8 37. Bc5+ Ne7 38. Qxf6+ Ke8 39. Qh8+ Kf7
40. Qf6+ Ke8 41. Kh4 Nf5+ 42. Kg5 Rd5 43. Qf8# 1-0

[Event "Tournoi Skype 013A"]
[Site "Skype"]
[Date "????.??.??"]
[Round "3.9"]
[White "Engstrom, Olle"]
[Black "Segura Lozano, Marcos Antonio"]
[Result "0-1"]
[WhiteElo "1639"]
[BlackElo "1989"]
[PlyCount "78"]

1. e4 d5 2. exd5 Qxd5 3. Nc3 Qa5 4. d4 c6 5. Nf3 Nf6 6. Bc4 Bg4 7. O-O e6 8.
Bd2 Qc7 9. h3 Bh5 10. Re1 Be7 11. Be2 Nbd7 12. Ne5 Bg6 13. Bf4 Bd6 14. Bf3
O-O-O 15. Qe2 Rhe8 16. Nxd7 Bxf4 17. Nxf6 gxf6 18. Rad1 Bf5 19. Ne4 Rg8 20.
Nxf6 Rg6 21. Nh5 Bxh3 22. Nxf4 Qxf4 23. Qe4 Qh6 24. g3 f5 25. Qe5 f4 26. Re4
fxg3 27. fxg3 Rdg8 28. Kf2 Rxg3 29. Qxg3 Rxg3 30. Kxg3 Bf5 31. Re2 Qh3+ 32. Kf2
Qh4+ 33. Ke3 Qg5+ 34. Kf2 h5 35. Rg1 Qf4 36. Rg8+ Kc7 37. Rf8 Qxd4+ 38. Kf1
Bh3+ 39. Bg2 Qd1+ 0-1

[Event "Tournoi Skype 013A"]
[Site "Skype"]
[Date "????.??.??"]
[Round "3.10"]
[White "Hilton, Stephen"]
[Black "Dal, Ibrahim"]
[Result "1-0"]
[WhiteElo "1952"]
[BlackElo "1645"]
[PlyCount "64"]

1. d4 c6 2. c4 d5 3. Nf3 Nf6 4. e3 e6 5. Nbd2 Nbd7 6. Bd3 dxc4 7. Nxc4 Bb4+ 8.
Bd2 Be7 9. O-O O-O 10. Rc1 Re8 11. Nce5 Nf8 12. Ng5 N6d7 13. Ngxf7 Qc7 14. Qf3
Bf6 15. Nxd7 Nxd7 16. Qh5 g6 17. Bxg6 hxg6 18. Qxg6+ Kf8 19. Bb4+ c5 20. dxc5
Qc6 21. Nd6 Re7 22. Rc4 Be5 23. Rh4 Bxb2 24. Rf4+ Bf6 25. Rxf6+ Nxf6 26. Qxf6+
Kg8 27. Qxe7 Qd7 28. Nxc8 Qxe7 29. Nxe7+ Kf7 30. c6 bxc6 31. Nxc6 a6 32. Rd1
Rc8 1-0

[Event "Tournoi Skype 013A"]
[Site "Skype"]
[Date "????.??.??"]
[Round "3.11"]
[White "Saponara, Jose Maria"]
[Black "Lambert, Pierre"]
[Result "0-1"]
[WhiteElo "1499"]
[BlackElo "1916"]
[PlyCount "103"]

1. d4 Nf6 2. c4 g6 3. Nc3 Bg7 4. e4 d6 5. Bd3 O-O 6. Nge2 c5 7. d5 Nbd7 8. f3
Ne5 9. Be3 a6 10. a4 b6 11. Qd2 Bd7 12. h3 Qb8 13. O-O Qc8 14. f4 Nxd3 15. Qxd3
Nh5 16. f5 b5 17. g4 Nf6 18. axb5 axb5 19. Ng3 bxc4 20. Qxc4 Qb7 21. Rxa8 Rxa8
22. Rf2 Ne8 23. Qf1 Qa6 24. Qxa6 Rxa6 25. Kg2 Nc7 26. h4 Nb5 27. Nxb5 Bxb5 28.
Bg5 Bd4 29. Rf3 Ra2 30. Rb3 Rxb2+ 31. Rxb2 Bxb2 32. Bxe7 Be5 33. Bg5 Bd3 34.
Kf3 Kf8 35. Ne2 Bb2 36. Bd2 Bf6 37. g5 Be5 38. Be1 gxf5 39. exf5 Bxf5 40. Ke3
Kg7 41. Bc3 Bxc3 42. Nxc3 Kf8 43. Kf4 Bc2 44. Ke3 Ke7 45. Kf4 f6 46. Ke3 fxg5
47. hxg5 Bg6 48. Kf4 Bf7 49. Ke4 Kd7 50. Kf4 Kc7 51. Ke4 Kb6 52. Ke3 0-1

[Event "Tournoi Skype 013A"]
[Site "Skype"]
[Date "????.??.??"]
[Round "3.12"]
[White "L'Herbon De Lussats, Jean"]
[Black "Brun, Jacques"]
[Result "0-1"]
[WhiteElo "1495"]
[BlackElo "1831"]
[PlyCount "121"]

1. e4 c5 2. c4 Nc6 3. Nf3 g6 4. Nc3 Bg7 5. d3 d6 6. h3 Nf6 7. Be3 O-O 8. d4
cxd4 9. Bxd4 Qa5 10. Bd3 Nxd4 11. Nxd4 Nd7 12. Nde2 Nc5 13. O-O Bd7 14. Qc2 Bc6
15. Nd5 Qd8 16. Rad1 b6 17. b4 Ba4 18. Qd2 Bxd1 19. Rxd1 Nxd3 20. Qxd3 Rc8 21.
b5 Ra8 22. Nd4 Bxd4 23. Qxd4 Rc8 24. e5 Qd7 25. Qh4 Rfe8 26. Rd4 Kg7 27. f4 Qe6
28. Qe1 dxe5 29. Qxe5+ Qxe5 30. fxe5 Red8 31. Nxe7 Rxd4 32. Nxc8 Rxc4 33. Nxa7
Rc5 34. a4 Rxe5 35. Nc8 Re6 36. Kf2 Kf8 37. Kf3 Ke8 38. Kf4 f6 39. g4 Kd8 40.
Na7 Kc7 41. h4 Kb7 42. Nc6 Rxc6 43. bxc6+ Kxc6 44. g5 f5 45. h5 Kc5 46. hxg6
hxg6 47. Ke5 Kb4 48. Kf6 f4 49. Kxg6 f3 50. Kh7 f2 51. g6 f1=Q 52. g7 Qf5+ 53.
Kh8 Qg4 54. g8=Q Qxg8+ 55. Kxg8 Kxa4 56. Kf7 b5 57. Ke6 b4 58. Kd5 b3 59. Kd4
b2 60. Kc3 b1=Q 61. Kc4 0-1

[Event "Tournoi Skype 013A"]
[Site "Skype"]
[Date "????.??.??"]
[Round "3.13"]
[White "Sanchez Munoz, Carlos Andres"]
[Black "Mulrooney, Justin"]
[Result "1-0"]
[WhiteElo "1790"]
[BlackElo "1624"]
[PlyCount "93"]

1. e4 e6 2. d4 d5 3. exd5 exd5 4. Bd3 Nf6 5. Nf3 Bd6 6. Qe2+ Be6 7. Ng5 Qe7 8.
Nxe6 Qxe6 9. Qxe6+ fxe6 10. O-O O-O 11. Re1 Ng4 12. f3 Bxh2+ 13. Kh1 Bg3 14.
Rxe6 Nf2+ 15. Kg1 Nxd3 16. cxd3 Nc6 17. Nc3 Rae8 18. Rxe8 Rxe8 19. Bd2 Nxd4 20.
Nxd5 c6 21. Nc3 b5 22. Kf1 Kf7 23. Ne4 Be5 24. Rc1 Rc8 25. Rc5 Ke6 26. Kf2 Nf5
27. Bc3 Bxc3 28. bxc3 h6 29. d4 Nd6 30. Re5+ Kd7 31. Nc5+ Kc7 32. Re7+ Kb6 33.
Rxg7 Rh8 34. Rd7 Nc8 35. Rb7+ Ka5 36. Rb8 h5 37. Nb7+ Kb6 38. Nd6+ Kc7 39.
Rxc8+ Rxc8 40. Nxc8 Kxc8 41. Ke3 Kd7 42. Kf4 Kd6 43. Kg5 Kd5 44. Kxh5 Kc4 45.
g4 Kxc3 46. g5 Kxd4 47. g6 1-0

[Event "Tournoi Skype 013A"]
[Site "Skype"]
[Date "????.??.??"]
[Round "3.14"]
[White "Karlsen, Christian"]
[Black "Fouquereau, Andre"]
[Result "1-0"]
[WhiteElo "1714"]
[BlackElo "1537"]
[PlyCount "31"]

1. c4 d5 2. cxd5 Qxd5 3. Nc3 Qd8 4. Nf3 c6 5. d4 Nf6 6. e4 Nxe4 7. Nxe4 e6 8.
Bc4 h6 9. O-O Be7 10. Be3 O-O 11. Ne5 Nd7 12. Qg4 Nf6 13. Nxf6+ Bxf6 14. Bxh6
Qc7 15. Rad1 c5 16. f4 1-0

[Event "Tournoi Skype 013A"]
[Site "Skype"]
[Date "????.??.??"]
[Round "3.15"]
[White "Antonic, Nenad"]
[Black "Ergin, Ahmet"]
[Result "0-1"]
[WhiteElo "1486"]
[BlackElo "1711"]
[PlyCount "86"]

1. d4 d5 2. Nf3 Nf6 3. e3 Bg4 4. Bd3 e6 5. Nbd2 c5 6. c3 Nc6 7. O-O Bd6 8. Re1
O-O 9. e4 cxd4 10. cxd4 Nb4 11. Bb1 dxe4 12. Nxe4 Rc8 13. Nxd6 Qxd6 14. a3 Bxf3
15. Qxf3 Nc2 16. Bxc2 Rxc2 17. Bf4 Qd5 18. Qd3 Rxb2 19. Re5 Qb3 20. Qf1 Ng4 21.
Re2 Rc8 22. h3 Nf6 23. Ree1 Rbc2 24. Be3 Nd5 25. Rec1 h6 26. Rxc2 Rxc2 27. Rb1
Qc4 28. Qe1 Nc3 29. Kh1 Nxb1 30. Qxb1 Qc6 31. Qd1 Ra2 32. Qg4 g5 33. h4 f6 34.
hxg5 hxg5 35. Bxg5 fxg5 36. Qxg5+ Kf7 37. Qh5+ Ke7 38. Qg5+ Kd7 39. Qg7+ Kc8
40. Qg8+ Kc7 41. Qg3+ Qd6 42. Qb3 Ra1+ 43. Qd1 Rxd1# 0-1